Olympischer Medaillenspiegel - Bogenschießen - Statistiken

Allgemein
  • Dieses Quiz wurde 29 mal gespielt
  • Das Durchschnittsergebnis liegt bei 11 aus 16
Antwortstatistiken
Gesamt Gold Silber Bronze Land % Korrekt
4 0 2 2 Deutschland
100%
33 14 10 9 Vereinigte Staaten
100%
25 7 11 7 Frankreich
97%
7 0 3 4 Japan
86%
9 1 6 2 China
83%
9 2 3 4 Italien
79%
43 27 9 7 Südkorea
79%
3 1 0 2 Australien
69%
3 0 1 2 Mexiko
59%
3 1 1 1 Niederlande
59%
9 2 2 5 Großbritannien
55%
7 1 3 3 Sowjetunion
52%
21 11 7 3 Belgien
45%
4 0 2 2 Taiwan
41%
4 1 1 2 Ukraine
41%
4 1 1 2 Finnland
31%
Keine übereinstimmenden Quizze gefunden
Verteilung der Resultate
Anzahl Personen mit jedem Resultat
Perzentil nach korrekt beantworteten Fragen
Ihre Resultats-Entwicklung
Sie haben dieses Quiz noch nicht gespielt